000 01117nam a22003977a 4500
001 0051783
003 KOHA_MİRAKIL
005 20260207003817.0
007 ta
008 150629b2014 tu |||gr||||#||||0|tur |
020 _a9786051338606
040 _aTR-BiSEU
_btur
_cTR-BiSEU
_erda
041 0 _atur
044 _ctu
050 _aHG1615
_b.S45 2014
100 1 _aSelçuk, Hasan.
245 1 _aTicari banka yönetiminin temelleri/
_cHasan Selçuk ; Hasan Selçuk, K. Batu Tunay.
264 1 _aAnkara :
_bNobel
_c2014
300 _aXXII, 522 sayfa ;
_c24 cm.
336 _ametin
_btxt
_2rdacontent
337 _aaracısız
_bn
_2rdamedia
338 _acilt
_bnc
_2rdacarrier
490 1 _aNobel ;
_vyayın no.
490 1 _a1047.
490 1 _a İktisat ekonomi ;
_vno.
490 1 _a179.
500 _aKaynakça var.
500 _aDizin var.
650 0 _aBanka ve bankacılık.
_996491
650 0 _aBanka yönetimi.
_923927
830 1 _aNobel ;
_vyayın no.
_91846
830 1 _a1047.
_996492
830 1 _a İktisat ekonomi ;
_vno.
_996493
830 1 _a179.
_931137
942 _2lcc
_cBK
999 _c51603
_d51603